| 000 | 00511nam a2200193Ia 4500 | ||
|---|---|---|---|
| 008 | 180207s9999 xx 000 0 und d | ||
| 020 | _a9786943009149 | ||
| 050 | _bP228 1999 | ||
| 100 | _aParent, Nancy | ||
| 245 | 4 | _aThe christmas tree angel / | |
| 245 | _cby Nancy Parent ; illustrated by Scott Tilley and Brent Ford. | ||
| 260 | _aUSA : | ||
| 260 | _bParadise Press, | ||
| 260 | _c1999 | ||
| 300 | _aunpaged : | ||
| 300 | _bcolor illustrations ; | ||
| 300 | _c17cm. | ||
| 650 | _aLift the flaps. | ||
| 999 |
_c355816 _d355816 |
||